000 00619nam a2200205 a 4500
001 8227
003 CO-ViMGA
008 141112s2004 ck r 000 u spa d
020 _a9589037402
040 _aCO-ViMGA
_bspa
_cCO-ViMGA
082 0 4 _aCo863.44 N456i
100 1 _aNino, Jairo Anibal
_92482
245 1 0 _aEl inventor de lunas /
_cNino Jairo Anibal
260 _aBogotá,
_cColciencias,
_c1995
300 _a64 p.
590 _aForma de adquisición : donacion - - Proveedor : Luis Ángel Arango - - Ejemplares : 2
650 1 4 _acuentos colombianos
_98039
650 1 4 _aGomez, Silvia
_98040
942 _2ddc
_cBK
999 _c20037
_d20037